000
00192nam a2200085 4500
001
1258501
005
20260311142143.0
245
_a
DEDEM ÇOCUK OLDU
_c
HİDAYET KARAKUŞ
260
_b
BİLGİ ÇOCUK
999
_c
1258501
_d
1258501